A princess of the Chemeln /

When the Chemeln are overrun by troops from a neighboring land, the orphaned heir of the ruling family Firn flees to another country where she acquires the strength to free her people.

Bibliographic Details
Main Author: Wilder, Cherry
Format: Book
Language:English
Published: New York : Atheneum, 1984.
Edition:1st ed.
Series:Wilder, Cherry. Rulers of Hylor ; v. 1.
Subjects:

MARC

Tag First Indicator Second Indicator Subfields
LEADER 00000pam a2200000 a 4500
001 in00000540121
005 20151013100915.0
008 830824s1984 nyu j 00011 eng
010 |a  83015617  
020 |a 0689310250 
035 |a (OCoLC)09893515 
035 |9 ACG5026AM 
039 0 |a 2  |b 3  |c 3  |d 3  |e 3 
040 |a DLC  |c DLC  |d TXA  |d UtOrBLW 
049 |a [Curr Col] TXAM  |c [1486431] 
050 0 0 |a PZ7.W64594  |b Pr 1984 
082 0 |a [Fic]  |2 19 
100 1 |a Wilder, Cherry. 
245 1 2 |a A princess of the Chemeln /  |c Cherry Wilder. 
250 |a 1st ed. 
264 1 |a New York :  |b Atheneum,  |c 1984. 
300 |a 275 pages ;  |c 25 cm. 
336 |a text  |b txt  |2 rdacontent 
337 |a unmediated  |b n  |2 rdamedia 
338 |a volume  |b nc  |2 rdacarrier 
490 1 |a The Rulers of Hylor ;  |v v. 1 
520 |a When the Chemeln are overrun by troops from a neighboring land, the orphaned heir of the ruling family Firn flees to another country where she acquires the strength to free her people. 
650 1 |a Fantasy. 
800 1 |a Wilder, Cherry.  |t Rulers of Hylor ;  |v v. 1. 
999 |a MARS 
999 f f |s 8881c001-8988-3a86-8702-305b9113aab4  |i 56a25e98-47e6-3087-8c4d-599d2fa3ded9  |t 0 
952 f f |p ric  |a Texas A&M University  |b Rellis Campus  |c Joint Library Facility  |d Remote Storage  |t 0  |e PZ7.W64594 Pr 1984  |h Library of Congress classification  |i unmediated -- volume  |m A14808156886 
998 f f |a PZ7.W64594 Pr 1984  |t 0  |l Remote Storage